[Event "Kolkata Millenium op"]
[Site "Kolkata"]
[Date "1999.??.??"]
[Round "?"]
[White "Kunte, Mrunalini"]
[Black "Mishra, Neeraj Kumar"]
[Result "1/2-1/2"]
[WhiteElo "2153"]
[BlackElo "2363"]
[PlyCount "116"]
[EventDate "1999.??.??"]
[EventType "swiss"]
[EventRounds "9"]
[EventCountry "IND"]
[SourceTitle "EXT 2003"]
[Source "ChessBase"]
[SourceDate "2002.11.25"]
[SourceVersion "1"]
[SourceVersionDate "2002.11.25"]
[SourceQuality "1"]

1. d4 Nf6 2. Nf3 b6 3. c4 e6 4. a3 Ba6 5. Qc2 Bb7 6. Nc3 c5 7. e3 Be7 8. Be2 0-0 9. 0-0 cxd4 10. exd4 d5 11. cxd5 Nxd5 12. Ne5 Nxc3 13. bxc3 Nd7 14. Bf4 Rc8 15. Rfd1 Nxe5 16. Bxe5 Bf6 17. Bxf6 Qxf6 18. Qd3 Bd5 19. Qg3 Qg6 20. Rdc1 Qxg3 21. hxg3 Bc4 22. Kf1 Rfd8 23. a4 Rd5 24. Ke1 Ra5 25. Bd1 Kf8 26. Kd2 Ke7 27. Bc2 h6 28. Rcb1 Kd6 29. Rb4 e5 30. Bd3 Bxd3 31. Kxd3 e4+ 32. Kxe4 Rxc3 33. Rb5 Rc2 34. Ke3 Rc4 35. Rxa5 bxa5 36. Rb1 Rb4 37. Ra1 Kd5 38. Rc1 Rxd4 39. Rc7 Rxa4 40. Rxf7 Ra3+ 41. Kf4 Ra2 42. Kf3 a4 43. Rxg7 a5 44. Ra7 Kc4 45. Rxa5 Kb4 46. Ra7 Rc2 47. Rb7+ Kc3 48. Rc7+ Kb2 49. Rb7+ Ka2 50. g4 a3 51. Kg3 Rb2 52. Ra7 Rb4 53. f4 Kb2 54. f5 a2 55. Kh4 Kb3 56. Rxa2 Kxa2 57. Kh5 Kb3 58. Kxh6 Rxg4 1/2-1/2

[Event "Olympiad Women-31"]
[Site "Moscow"]
[Date "1994.12.12"]
[Round "11"]
[White "Kunte, Mrunalini"]
[Black "Fischdick, Gisela"]
[Result "1/2-1/2"]
[WhiteElo "2135"]
[BlackElo "2300"]
[PlyCount "64"]
[EventDate "1994.12.01"]
[EventType "team-swiss"]
[EventRounds "14"]
[EventCountry "RUS"]
[SourceTitle "EXT 2019"]
[Source "ChessBase"]
[SourceDate "2018.10.10"]
[SourceVersion "1"]
[SourceVersionDate "2018.10.10"]
[SourceQuality "1"]
[WhiteTeam "India (W)"]
[BlackTeam "Germany (W)"]
[WhiteTeamCountry "IND"]
[BlackTeamCountry "GER"]

1. d4 d5 2. c4 c6 3. cxd5 cxd5 4. Nf3 Nf6 5. Nc3 Nc6 6. Bf4 a6 7. e3 Bg4 8. Be2 e6 9. 0-0 Bd6 10. Bxd6 Qxd6 11. Rc1 0-0 12. h3 Bxf3 13. Bxf3 Rac8 14. Qd2 Rc7 15. Be2 Rfc8 16. Bd3 g6 17. Na4 Nd7 18. Bb1 Na7 19. Rxc7 Qxc7 20. Qc3 Qxc3 21. Nxc3 Nb6 22. Bd3 Nc6 23. Bb1 Nc4 24. Na4 Nd2 25. Rc1 Nxb1 26. Rxb1 Nb8 27. Nc5 b6 28. Nd3 Kf8 29. Kf1 Ke7 30. Ke2 f6 31. Kd2 Kd6 32. Rc1 Rxc1 1/2-1/2

[Event "Olympiad Women-31"]
[Site "Moscow"]
[Date "1994.12.11"]
[Round "10"]
[White "Rause, Olita V"]
[Black "Kunte, Mrunalini"]
[Result "0-1"]
[WhiteElo "2360"]
[BlackElo "2135"]
[PlyCount "82"]
[EventDate "1994.12.01"]
[EventType "team-swiss"]
[EventRounds "14"]
[EventCountry "RUS"]
[SourceTitle "EXT 2019"]
[Source "ChessBase"]
[SourceDate "2018.10.10"]
[SourceVersion "1"]
[SourceVersionDate "2018.10.10"]
[SourceQuality "1"]
[WhiteTeam "Latvia (W)"]
[BlackTeam "India (W)"]
[WhiteTeamCountry "LAT"]
[BlackTeamCountry "IND"]

1. e4 c5 2. c3 d5 3. exd5 Qxd5 4. d4 Nf6 5. Nf3 Bg4 6. Be2 e6 7. h3 Bh5 8. Na3 Be7 9. Nb5 Na6 10. Be3 cxd4 11. Qxd4 0-0 12. g4 Bg6 13. Qxd5 Nxd5 14. Bd2 h6 15. h4 Nc5 16. c4 Nd3+ 17. Kf1 N5f4 18. Bxf4 Nxf4 19. Ne5 Be4 20. f3 Bh7 21. Rd1 Rfd8 22. g5 hxg5 23. hxg5 Bxg5 24. Nxf7 Kxf7 25. Rxh7 Nxe2 26. Kxe2 Rxd1 27. Kxd1 Bh6 28. Nd6+ Kg6 29. Rxh6+ gxh6 30. c5 Rd8 31. Ke2 Rd7 32. b4 Kf6 33. Ke3 h5 34. Ne4+ Ke5 35. f4+ Kf5 36. b5 h4 37. Nf2 Rd5 38. Ne4 e5 39. Nd6+ Rxd6 40. cxd6 exf4+ 41. Kd4 Ke6 0-1

[Event "Olympiad Women-31"]
[Site "Moscow"]
[Date "1994.12.10"]
[Round "9"]
[White "Parfenova, Olga"]
[Black "Kunte, Mrunalini"]
[Result "0-1"]
[WhiteElo "2160"]
[BlackElo "2135"]
[PlyCount "58"]
[EventDate "1994.12.01"]
[EventType "team-swiss"]
[EventRounds "14"]
[EventCountry "RUS"]
[SourceTitle "EXT 2019"]
[Source "ChessBase"]
[SourceDate "2018.10.10"]
[SourceVersion "1"]
[SourceVersionDate "2018.10.10"]
[SourceQuality "1"]
[WhiteTeam "Uzbekistan (W)"]
[BlackTeam "India (W)"]
[WhiteTeamCountry "UZB"]
[BlackTeamCountry "IND"]

1. Nf3 Nf6 2. g3 g6 3. Bg2 Bg7 4. 0-0 0-0 5. d3 d6 6. c4 e5 7. Nc3 Nc6 8. Rb1 a5 9. a3 Nh5 10. b4 axb4 11. axb4 f5 12. Qb3 Kh8 13. Nd5 h6 14. b5 Ne7 15. b6 Nxd5 16. cxd5 g5 17. Be3 f4 18. bxc7 Qxc7 19. Bb6 Qf7 20. Rbc1 Nf6 21. Nd2 Qh5 22. Rfe1 Ng4 23. h3 fxg3 24. hxg4 Qh2+ 25. Kf1 Bxg4 26. Nf3 Bh3 27. Bxh3 Qxh3+ 28. Kg1 Rxf3 29. e3 g2 0-1

[Event "Olympiad Women-30"]
[Site "Manila"]
[Date "1992.06.21"]
[Round "12"]
[White "Baumann, Claude"]
[Black "Kunte, Mrunalini"]
[Result "1/2-1/2"]
[WhiteElo "2085"]
[BlackElo "2090"]
[PlyCount "49"]
[EventDate "1992.06.07"]
[EventType "team-swiss"]
[EventRounds "14"]
[EventCountry "PHI"]
[SourceTitle "EXT 2019"]
[Source "ChessBase"]
[SourceDate "2018.10.10"]
[SourceVersion "1"]
[SourceVersionDate "2018.10.10"]
[SourceQuality "1"]
[WhiteTeam "Switzerland (W)"]
[BlackTeam "India (W)"]
[WhiteTeamCountry "SUI"]
[BlackTeamCountry "IND"]

1. d4 Nf6 2. c4 g6 3. Nc3 Bg7 4. e4 d6 5. Nf3 0-0 6. Be2 e5 7. dxe5 dxe5 8. Qxd8 Rxd8 9. Bg5 c6 10. Nxe5 Re8 11. f4 h6 12. Bh4 g5 13. fxg5 hxg5 14. Bg3 Na6 15. 0-0 Nxe4 16. Nxe4 Bxe5 17. Bxe5 Rxe5 18. Bd3 Be6 19. Rae1 Kg7 20. b3 Rd8 21. Bb1 b5 22. cxb5 cxb5 23. Rd1 Rxd1 24. Rxd1 Nc5 25. Nxc5 1/2-1/2

[Event "Olympiad Women-30"]
[Site "Manila"]
[Date "1992.06.09"]
[Round "2"]
[White "Jahn, Constanze"]
[Black "Kunte, Mrunalini"]
[Result "1/2-1/2"]
[WhiteElo "2210"]
[BlackElo "2090"]
[PlyCount "84"]
[EventDate "1992.06.07"]
[EventType "team-swiss"]
[EventRounds "14"]
[EventCountry "PHI"]
[SourceTitle "EXT 2019"]
[Source "ChessBase"]
[SourceDate "2018.10.10"]
[SourceVersion "1"]
[SourceVersionDate "2018.10.10"]
[SourceQuality "1"]
[WhiteTeam "Germany (W)"]
[BlackTeam "India (W)"]
[WhiteTeamCountry "GER"]
[BlackTeamCountry "IND"]

1. e4 c5 2. c3 Nf6 3. e5 Nd5 4. d4 cxd4 5. Nf3 Nc6 6. Bc4 e6 7. cxd4 d6 8. a3 Be7 9. 0-0 0-0 10. Qe2 Qc7 11. Bd2 Rd8 12. Nc3 Nxc3 13. Bxc3 dxe5 14. dxe5 b6 15. Rac1 Bb7 16. Bd3 Rac8 17. Rfd1 Qb8 18. Qe4 g6 19. Qf4 Rd7 20. Ng5 Bxg5 21. Qxg5 Rcd8 22. Be2 Rxd1+ 23. Bxd1 Rd7 24. Ba4 Qd8 25. Qxd8+ Rxd8 26. f3 Ne7 27. Kf2 Nd5 28. Bd2 Kg7 29. Bb3 Rc8 30. Rxc8 Bxc8 31. Bxd5 exd5 32. Ke3 f6 33. Kd4 Be6 34. b4 Kf7 35. Bf4 f5 36. Bg5 Ke8 37. g4 fxg4 38. fxg4 Kd7 39. Bc1 Kc6 40. g5 Kb5 41. Kd3 a5 42. Bd2 Bf5+ 1/2-1/2

[Event "Wch U20 Girls"]
[Site "Mamaia"]
[Date "1991.??.??"]
[Round "?"]
[White "Gjergji, Rozana"]
[Black "Kunte, Mrunalini"]
[Result "1/2-1/2"]
[WhiteElo "2065"]
[BlackElo "2020"]
[PlyCount "56"]
[EventDate "1991.08.??"]
[EventType "swiss"]
[EventRounds "13"]
[EventCountry "ROU"]
[SourceTitle "EXT 1997"]
[Source "ChessBase"]
[SourceDate "1996.11.15"]
[SourceVersion "1"]
[SourceVersionDate "1996.11.15"]
[SourceQuality "1"]

1. e4 c5 2. d4 cxd4 3. c3 dxc3 4. Nxc3 e6 5. Bf4 a6 6. Nf3 Bc5 7. Rc1 d6 8. Bc4 b5 9. Bb3 Ne7 10. e5 Ng6 11. Bg3 0-0 12. exd6 Qb6 13. 0-0 Bb7 14. Ng5 Nd7 15. Nxe6 fxe6 16. Bxe6+ Kh8 17. Bxd7 Rad8 18. Bh3 Bxd6 19. Qc2 Nf4 20. Bxf4 Bxf4 21. Rcd1 Qc7 22. g3 Qc6 23. Qe4 Qxe4 24. Nxe4 Bxe4 25. Rxd8 Rxd8 26. gxf4 g6 27. f3 Bf5 28. Bxf5 gxf5 1/2-1/2

[Event "Wch U20 Girls"]
[Site "Mamaia"]
[Date "1991.??.??"]
[Round "?"]
[White "Kunte, Mrunalini"]
[Black "Regan, Natasha"]
[Result "1-0"]
[WhiteElo "2020"]
[BlackElo "2195"]
[PlyCount "73"]
[EventDate "1991.08.??"]
[EventType "swiss"]
[EventRounds "13"]
[EventCountry "ROU"]
[SourceTitle "EXT 1997"]
[Source "ChessBase"]
[SourceDate "1996.11.15"]
[SourceVersion "1"]
[SourceVersionDate "1996.11.15"]
[SourceQuality "1"]

1. d4 Nf6 2. c4 g6 3. Nc3 Bg7 4. e4 d6 5. f3 0-0 6. Be3 e5 7. d5 Nh5 8. Qd2 Qh4+ 9. g3 Nxg3 10. Qf2 Nxf1 11. Qxh4 Nxe3 12. Ke2 Nxc4 13. b3 Nb6 14. Nh3 Na6 15. Rhg1 Bd7 16. Nf2 Rae8 17. Ng4 Bxg4 18. fxg4 h6 19. Rgf1 c6 20. Rad1 Rd8 21. Rd2 cxd5 22. Nxd5 Nxd5 23. Rxd5 Nc7 24. Rd2 Ne6 25. Qe7 Nd4+ 26. Ke3 f5 27. gxf5 Bf6 28. Qxb7 Bg5+ 29. Kd3 gxf5 30. exf5 Bxd2 31. Kxd2 Rf7 32. Qd5 Kf8 33. f6 a6 34. Rg1 Nf5 35. Rg6 Re8 36. Qg2 Ne7 37. Rxh6 1-0

[Event "Wch U20 Girls"]
[Site "Mamaia"]
[Date "1991.??.??"]
[Round "?"]
[White "Stanford, Sheila Barth"]
[Black "Kunte, Mrunalini"]
[Result "0-1"]
[WhiteElo "2125"]
[BlackElo "2020"]
[PlyCount "70"]
[EventDate "1991.08.??"]
[EventType "swiss"]
[EventRounds "13"]
[EventCountry "ROU"]
[SourceTitle "EXT 1997"]
[Source "ChessBase"]
[SourceDate "1996.11.15"]
[SourceVersion "1"]
[SourceVersionDate "1996.11.15"]
[SourceQuality "1"]

1. d4 Nf6 2. c4 g6 3. Nc3 Bg7 4. e4 d6 5. Be2 0-0 6. Nf3 e5 7. 0-0 Nc6 8. d5 Ne7 9. Ne1 Nd7 10. f3 f5 11. g4 f4 12. Nd3 g5 13. b4 Ng6 14. c5 Nf6 15. Bd2 h5 16. h3 Rf7 17. Rc1 Bf8 18. Qc2 Rh7 19. Be1 a6 20. cxd6 cxd6 21. Bf2 b5 22. a4 Bd7 23. axb5 axb5 24. Ne1 Qe8 25. Qd3 Be7 26. Nxb5 hxg4 27. Nc7 Qf8 28. fxg4 Rc8 29. Ng2 Qh6 30. b5 Rxc7 31. Rxc7 Bxb5 32. Qf3 Bxe2 33. Qxe2 Qxh3 34. Nh4 Nxh4 35. Be1 Nf3+ 0-1